|
|
|
|
| LEADER |
00752nta a2200193 i 4500 |
| 001 |
dipl129702 |
| 005 |
20220915152823.0 |
| 008 |
220915s2018 hu om 0|| hun d |
| 040 |
|
|
|a SZTE Diploma Repozitórium
|b hun
|
| 041 |
|
|
|a hun
|
| 100 |
1 |
|
|a Kormányos Anikó Anna
|
| 245 |
1 |
2 |
|a A családalapítás és a munkavállalás összeegyeztetése
|h [elektronikus dokumentum] /
|c Anikó Anna Kormányos
|
| 246 |
1 |
0 |
|a Reconciliation of the family formation and employment
|h [elektronikus dokumentum]
|
| 260 |
|
|
|c 2018
|
| 650 |
|
4 |
|a Jogi és igazgatási tanulmányok
|
| 650 |
|
4 |
|a Social sciences
|
| 650 |
|
4 |
|a Sociology
|
| 700 |
1 |
|
|a Biczók Gyöngyi
|e ths
|
| 856 |
4 |
0 |
|u https://diploma.bibl.u-szeged.hu/id/eprint/129702/1/2018_kormanyos_aniko_anna.pdf
|z Dokumentum-elérés
|